Every NFL draft pick from 2022 draft. - Statistics

General Stats
  • This quiz has been taken 14 times
  • The average score is 7 of 32
Answer Stats
Pick Team Player % Correct
1 Jaguars Travon Walker
67%
2 Lions Aiden Hutchinson
50%
3 Texans Derek Stingley Jr.
42%
7 Giants Evan Neal
33%
10 Jets Garrett Wilson
33%
4 Jets Sauce Gardner
33%
9 Seahawks Charles Cross
25%
11 Saints Chris Olave
25%
8 Falcons Drake London
25%
5 Giants Kayvon Thibodeaux
25%
14 Ravens Kyle Hamilton
25%
19 Saints Trevor Penning
25%
29 Patriots Cole Strange
17%
27 Jaguars Devin Lloyd
17%
28 Packers Devonte Wyatt
17%
30 Chiefs George Karlaftis
17%
6 Panthers Ickey Ekwonu
17%
16 Commanders Jahan Dotson
17%
12 Lions Jameson Williams
17%
26 Jets Jermaine Johnson
17%
13 Eagles Jordan Davis
17%
20 Steelers Kenny Pickett
17%
15 Texans Kenyon Green
17%
32 Vikings Lewis Cine
17%
21 Chiefs Trent McDuffie
17%
18 Titans Treylon Burks
17%
17 Chargers Zion Johnson
17%
31 Bengals Daxton Hill
8%
23 Bills Kaiir Elam
8%
22 Packers Quay Walker
8%
25 Ravens Tyler Linderbaum
8%
24 Cowboys Tyler Smith
8%
No matching quizzes found
Score Distribution
Percent of People with Each Score
Percentile by Number Answered
Your Score History
You have not taken this quiz